| 000 | 00582nam a22001817a 4500 | ||
|---|---|---|---|
| 999 |
_c18099 _d18099 |
||
| 003 | AR-CdUCM | ||
| 008 | 190511b ||||| |||| 00| 0 spa d | ||
| 040 |
_aMUNICIPALIDAD PROVINCIAL DEL CUSCO _cBIBLIOTECA MUNICIPAL DEL CUSCO |
||
| 082 |
_a823 / _bW453 |
||
| 100 |
_aWells, H. J. _938483 |
||
| 245 | _aEn los días de cometa / | ||
| 260 |
_aBarcelona : _bToribio taberner, |
||
| 300 |
_a224 páginas ; _c21 cm. |
||
| 505 | _aContenido : El hombre que escribía en la torre -- Guerra -- El revólver... | ||
| 650 |
_aVida literaria _938484 |
||
| 942 |
_2ddc _cLIBROS |
||
| 945 | _arcc | ||